000 00640 a2200229 4500
001 63115
005 20260407155926.0
008 260407a1955 arg spa d
003 AR-UNSa-BCEJYS
040 _aAR-UNSa-BCEJYS
_bspa
_cAR-UNSa-BCEJYS
080 _a339.5
_xComercio exterior. Comercio Internacional
245 1 0 _aComercio internacional
250 _a3a. ed.
264 1 _aMéxico :
_bFondo de Cultura Económica
_c1955
300 _a461 p.
_c22 cm.
041 _aspa
942 _cBK
590 _aniveau_biblio:m niveau_hierar:0
100 1 _aEllsworth, P.T.
700 1 _aMárquez, Javier
700 1 _aUrquidi, Víctor L.
999 _c7997
_d7997